000 00621nam a22002297a 4500
003 UA-OsUOA
001 78004
007 ta
008 20110927b un ||||| |||| 00| 0 ukr d
090 _a32(075.8)
_bП50
942 _cBK
040 _aUA-OsUOA
_bukr
_cUA-OsUOA
_dUA-OsUOA
245 _aПолітологія
_bпідручник
_cза ред. Димитрової Л. М., Кисельова С. О.
300 _a206 с.
955 _a2
041 _aukr
080 _a32(075.8)
020 _a978-966-346-533-3
260 _aК.
_bЗнання
_c2009
650 7 _a32 Політика
_2UDC
999 _c364314
_d364314